Kummer - bei dir - Statistiken

Allgemein
  • Dieses Quiz wurde 46 mal gespielt
  • Das Durchschnittsergebnis liegt bei 372 aus 437
Antwortstatistiken
Antwort % Korrekt
bei
100%
bin
100%
dir
100%
Doch
100%
doch
100%
du
100%
Ich
100%
ich
100%
ist
100%
Ist
100%
mich
100%
alle
96%
alles
96%
Alles
96%
bis
96%
da
96%
der
96%
die
96%
ein
96%
hast
96%
mir
96%
nicht
96%
ander
92%
anders
92%
bisschen
92%
es
92%
inklusive
92%
kleines
92%
repariert
92%
war
92%
bist
88%
denn
88%
für
88%
mehr
88%
wie
88%
dieser
85%
hab
85%
im
85%
so
85%
Wichser
85%
aber
81%
Aber
81%
das
81%
kann
81%
mit
81%
sie
81%
und
81%
Am
77%
am
77%
nie
77%
zu
77%
aus
73%
dass
73%
kompliziert
73%
man
73%
nur
73%
sage
73%
trauriger
73%
wäre
73%
was
73%
Clown
69%
funktioniert
69%
kein
69%
Menschen
69%
oft
69%
richtig
69%
Dinge
65%
egal
65%
eskaliert
65%
immer
65%
lachen
65%
sagen
65%
soll
65%
denken
62%
einfach
62%
gemacht
62%
halte
62%
kollidiert
62%
macht
62%
mal
62%
meisten
62%
niemals
62%
ständig
62%
will
62%
Arroganz
58%
bedeuten
58%
dumme
58%
eine
58%
eingeschnappt
58%
Frage
58%
Freund
58%
laufen
58%
nehme
58%
noch
58%
persönlich
58%
Sachen
58%
schlau
58%
sich
58%
sieh
58%
tanz
58%
würde
58%
Applaus
54%
bereut
54%
Bruder
54%
Coco-Chanel-Zitat
54%
dauernd
54%
denen
54%
einmal
54%
Endeffekt
54%
enttäuschen
54%
ficken
54%
ganzen
54%
gerne
54%
gesagt
54%
Heute
54%
kaum
54%
klatschen
54%
Leben
54%
mögen
54%
morgen
54%
nach
54%
satt
54%
schlechter
54%
Schüler
54%
süchtig
54%
überspielt
54%
Unsicherheit
54%
verkack
54%
Welt
54%
Zeit
54%
angefangen
50%
darin
50%
defekt
50%
Desaster
50%
endet
50%
nix
50%
laut
46%
scheinbar
42%
wollte
42%
ausgezeichnet
38%
allerliebsten
35%
unbedingt
31%
Keine übereinstimmenden Quizze gefunden
Verteilung der Resultate
Anzahl Personen mit jedem Resultat
Perzentil nach korrekt beantworteten Fragen
Ihre Resultats-Entwicklung
Sie haben dieses Quiz noch nicht gespielt